[Event "Malaya Zemlya Rapid op"]
[Site "Novorossiysk"]
[Date "2021.07.10"]
[Round "2"]
[White "Chigaev, Maksim"]
[Black "Mezhov, Dmitriy"]
[Result "1-0"]
[WhiteElo "2630"]
[BlackElo "1982"]
[PlyCount "79"]
[EventDate "2021.07.10"]
[EventType "swiss (rapid)"]
[EventRounds "9"]
[EventCountry "RUS"]
[SourceTitle "CBM 203 Extra"]
[Source "ChessBase"]
[SourceDate "2021.09.30"]
[SourceVersion "1"]
[SourceVersionDate "2021.09.30"]
[SourceQuality "1"]

1. d4 d5 2. c4 c6 3. Nf3 Nf6 4. e3 a6 5. Qc2 g6 6. Bd3 Bg7 7. 0-0 0-0 8. b3 b5 9. Bb2 bxc4 10. bxc4 Bg4 11. Ne5 Be6 12. Nd2 Nfd7 13. Nef3 c5 14. cxd5 Bxd5 15. e4 Bb7 16. d5 Nf6 17. Rab1 Qc8 18. Ne5 Nbd7 19. Nxd7 Qxd7 20. Qxc5 Rfc8 21. Qe3 Rab8 22. h3 e6 23. Nc4 Ba8 24. Bxf6 Bxf6 25. Nb6 Rxb6 26. Rxb6 Qa4 27. Rxa6 Qb4 28. dxe6 fxe6 29. Qb6 Qxb6 30. Rxb6 Kf7 31. Rfb1 Rd8 32. R1b3 Be5 33. g3 Rd7 34. Ra6 Rd8 35. Rba3 Bb7 36. Ra7 Rd7 37. Rb3 Bc6 38. Rxd7+ Bxd7 39. Rb7 Ke8 40. Bb5 1-0

[Event "Sochi Amateur op 6th"]
[Site "Sochi"]
[Date "2019.04.11"]
[Round "7"]
[White "Mhitarjan, Samvel"]
[Black "Mezhov, Dmitriy"]
[Result "0-1"]
[WhiteElo "1768"]
[BlackElo "1974"]
[PlyCount "61"]
[EventDate "2019.04.07"]
[EventType "swiss"]
[EventRounds "9"]
[EventCountry "RUS"]
[SourceTitle "CBM 189 Extra"]
[Source "ChessBase"]
[SourceDate "2019.06.03"]
[SourceVersion "1"]
[SourceVersionDate "2019.06.03"]
[SourceQuality "1"]

1. d4 e6 2. c4 f5 3. a3 b6 4. Nf3 Bb7 5. e3 Nf6 6. h3 d6 7. Be2 Nbd7 8. b4 Be7 9. Bb2 0-0 10. 0-0 Ne4 11. Nc3 Ndf6 12. Qb3 Nxc3 13. Bxc3 Ne4 14. Bb2 g5 15. d5 e5 16. Qc2 Bc8 17. Nh2 Qe8 18. f4 Bf6 19. fxg5 Bxg5 20. Rf3 f4 21. exf4 Bxf4 22. Bd3 Ng5 23. Rff1 Qh5 24. Qe2 Qxe2 25. Bxe2 Ne4 26. Bc1 Nc3 27. Bd3 Bxh2+ 28. Kxh2 a5 29. Bb2 axb4 30. axb4 Rxa1 31. Bxa1 0-1

[Event "Sochi Amateur op 6th"]
[Site "Sochi"]
[Date "2019.04.07"]
[Round "1"]
[White "Ivlev, Aleksey"]
[Black "Mezhov, Dmitriy"]
[Result "1-0"]
[WhiteElo "2347"]
[BlackElo "1974"]
[PlyCount "111"]
[EventDate "2019.04.07"]
[EventType "swiss"]
[EventRounds "9"]
[EventCountry "RUS"]
[SourceTitle "CBM 189 Extra"]
[Source "ChessBase"]
[SourceDate "2019.06.03"]
[SourceVersion "1"]
[SourceVersionDate "2019.06.03"]
[SourceQuality "1"]

1. d4 d5 2. c4 e6 3. Nf3 Nf6 4. g3 dxc4 5. Bg2 c5 6. 0-0 Nc6 7. Ne5 Nd5 8. Nxc6 bxc6 9. Na3 cxd4 10. Qxd4 Qb6 11. Qg4 h5 12. Qxc4 Ba6 13. Qc2 Rc8 14. b3 Be7 15. Bb2 0-0 16. Nc4 Bxc4 17. Qxc4 Bf6 18. Bxf6 Nxf6 19. Rfd1 Rfd8 20. Bf3 g6 21. b4 Nd5 22. a3 c5 23. b5 Ne7 24. a4 Rd4 25. Rxd4 cxd4 26. Qb4 Qc5 27. Qxc5 Rxc5 28. Rb1 Nd5 29. Bxd5 Rxd5 30. a5 Kf8 31. b6 axb6 32. axb6 Rd8 33. Kg2 Ke7 34. Kf3 f5 35. b7 Rb8 36. Rb6 Kf6 37. h4 g5 38. hxg5+ Kxg5 39. Kg2 e5 40. Rb4 h4 41. gxh4+ Kxh4 42. e3 Kg5 43. f4+ Kf6 44. fxe5+ Kxe5 45. exd4+ Ke4 46. Kf2 f4 47. Ke2 f3+ 48. Kf2 Kf4 49. d5+ Ke5 50. Rb5 Kd6 51. Kxf3 Kc7 52. Ke4 Re8+ 53. Kd4 Kb8 54. d6 Rh8 55. Kd5 Rh1 56. Kc6 1-0

[Event "Sochi ChessAmateur op"]
[Site "Sochi"]
[Date "2018.04.07"]
[Round "9"]
[White "Mezhov, Dmitriy"]
[Black "Kuznetsov, Mikhail V"]
[Result "0-1"]
[WhiteElo "1941"]
[BlackElo "2246"]
[PlyCount "84"]
[EventDate "2018.04.01"]
[EventType "swiss"]
[EventRounds "9"]
[EventCountry "RUS"]
[SourceTitle "CBM 184 Extra"]
[Source "ChessBase"]
[SourceDate "2018.06.28"]
[SourceVersion "1"]
[SourceVersionDate "2018.06.28"]
[SourceQuality "1"]

1. d4 d5 2. c4 e6 3. Nf3 Nf6 4. g3 dxc4 5. Bg2 Nc6 6. Qa4 Bb4+ 7. Bd2 Nd5 8. Bxb4 Ndxb4 9. Nc3 Bd7 10. 0-0 a6 11. Ne5 b5 12. Qd1 Rb8 13. Nxd7 Qxd7 14. a3 Nd5 15. Ne4 a5 16. Nc5 Qe7 17. e4 Nb6 18. b4 axb4 19. axb4 Rd8 20. d5 Nxb4 21. Nb7 Rd7 22. Qb1 0-0 23. Ra5 c6 24. dxc6 Nxc6 25. Rxb5 Rxb7 26. Rxb6 Rfb8 27. Rxb7 Qxb7 28. Qxb7 Rxb7 29. Rc1 Na5 30. Bf1 g5 31. Ra1 Rb5 32. Ra2 Rc5 33. Rc2 c3 34. f4 gxf4 35. gxf4 Nc6 36. Kf2 Nb4 37. Rc1 c2 38. Ke3 Na2 39. Kd2 Nxc1 40. Kxc1 Rc3 41. Bb5 Kg7 42. Ba4 Rh3 0-1